000 01091cam a2200373Ia 4500
020 _a0880854049 (Gr. K)
020 _a9780880854047 (Gr. K)
020 _a0880854057 (Gr. 1)
020 _a9780880854054 (Gr. 1)
020 _a0880854146 (Gr. 2)
020 _a9780880854146 (Gr. 2)
020 _a0880854154 (Gr. 3)
020 _a9780880854153 (Gr. 3)
020 _a0880854162 (Gr. 4)
020 _a9780880854160 (Gr. 4)
020 _a0880854170 (Gr. 5)
020 _a9780880854177 (Gr. 5)
020 _a0880854189 (Gr. 6)
020 _a9780880854184 (Gr. 6)
020 _a0880854197 (Gr. 7)
020 _a9780880854191 (Gr. 7)
020 _a0880854200 (Gr. 8)
020 _a9780880854207 (Gr. 8)
040 _cHNW
082 _a421 ZAN 1995 A022 Or.
100 1 _aGentry, J. Richard.
245 1 0 _aSpell it--write! /
260 _aColumbus, Ohio :
_bZaner-Bloser,
_cc1995.
300 _a9 v. :
_bill. ;
_c31 cm. +
_e9 teacher's eds. + 9 blackline masters books.
500 _aGrades K-8.
650 0 _aEnglish language
650 0 _aSpellers.
942 _cEK
999 _c12415
_d12415